000 00907nam a2200325Ia 4500
003 OSt
005 20220912144349.0
006 a|||||r|||| 00| 0
007 ta
008 220909b |||||||| |||| 00| 0 eng d
020 _a9788131505175 (pbk)
020 _aSL00859581
024 _a183364
037 _cTextual
040 _aCSL
_beng
_cCSL
041 _aeng
082 _aD65,8(B)92C++, P1
100 _aFarrell Joyce
245 0 _aObject-oriented programming using C++
260 _aAustralia
_bCourse Technology Cengage Learning
_c2001
300 _a525p.
500 _aAppendix A-E 498-518p.; Index 519-525p.
650 _a Computer Science
650 _a Object oriented programming with C++
650 _aGeneral Science
700 _aFarrell Joyce
942 _hD65,8(B)92C++, P1
_cTEXL
_2CC
999 _c6118
_d6118